Apple Rainbow Logo Color Click Quiz Stats

Quiz Updated May 16, 2018

Challenge
Share
Tweet
Score 0/6 Timer 01:00
16 Plays Today
% Correct
Yellow
78.9%
Orange
70.8%
Purple
65.5%
Green
60.2%
Red
55.6%
Blue
49.3%

You're not logged in!

Compare scores with friends on all Sporcle quizzes.
Join for Free
OR
Log In

You Might Also Like...

Show Comments

Extras

Top Quizzes Today


Score Distribution

Your Account Isn't Verified!

In order to create a playlist on Sporcle, you need to verify the email address you used during registration. Go to your Sporcle Settings to finish the process.

Report this User

Report this user for behavior that violates our Community Guidelines.

Details: